La legione perduta /

Gespeichert in:
Bibliographische Detailangaben
1. Verfasser: Turtledove, Harry (Verfasst von)
Format: Buch
Sprache:Italienisch
Veröffentlicht: Milano : Nord, 1989
Schriftenreihe:Fantacollana ; 85
Tags: Tag hinzufügen
Keine Tags, Fügen Sie das erste Tag hinzu!

MARC

LEADER 00000nam a22000007i 4500
001 IT\ICCU\CFI\0188445
003 ItRI
005 20250828222845.0
008 920510s1989 it |||||| ||||| |||||c
040 |b ita  |c ct 
041 7 |a ita  |2 ISO-639-2 
082 |a 813.54  |2 12 
100 1 |a Turtledove, Harry  |0 IT\ICCU\CFIV\115366  |4 aut 
240 1 4 |a The misplaced legion. -  |9 Turtledove, Harry 
245 1 3 |a La legione perduta /  |c Harry Turtledove. 
260 |a Milano :  |b Nord,  |c 1989 
300 |a X, 374 p. ;  |c 20 cm 
500 |a Trad. di Annarita Guarnieri. 
830 0 |a Fantacollana ;  |v 85  |0 IT\ICCU\CFI\0003102 
942 |2 ddc  |c BK 
952 |0 0  |1 0  |2 ddc  |4 0  |6 B_LNR02TURHALEG11  |7 0  |9 5600  |a MI  |b MI  |d 2005-12-07  |i 5034  |l 0  |o B-LNR02-TURHA-LEG11  |p CDOM5034  |r 2025-07-13 16:28:00  |w 2025-07-13  |x DONO  |y BK 
981 1 |6 z01  |a i   |b xxxe  
982 1 |6 z01  |a n 
999 |c 4464  |d 4464